000 00744nam a2200217Ia 4500
008 191130s2002##################000#0#eng##
020 _a9780393322712
040 _aACL
_cACL
082 _a616.6506 ROU
100 _aRous, Stephen N
245 _aThe prostate book : sound advice on symptoms and treatment
_cStephen N. Rous ; illustrations by Betty Goodwin
250 _aNewly revised and updated ed
260 _aNew York
_bW. W. Norton & Company
_c2002
300 _a272 p. ; 22 cm
500 _aPrevious ed.: Yonkers, N.Y.: Consumer Reports, 1994. Includes index
650 _aProstate -- Diseases -- Popular works
700 _aGoodwin, Betty
990 _a24e072f8ac10000c7ec39e481215d332
991 _a146139
999 _c65935
_d65935